000 03951nam a22005775i 4500
001 978-3-319-47400-7
003 DE-He213
005 20210118122236.0
007 cr nn 008mamaa
008 170405s2017 gw | s |||| 0|eng d
020 _a9783319474007
_9978-3-319-47400-7
024 7 _a10.1007/978-3-319-47400-7
_2doi
050 4 _aRD701-811
072 7 _aMNS
_2bicssc
072 7 _aMED065000
_2bisacsh
072 7 _aMNS
_2thema
072 7 _aMN
_2thema
082 0 4 _a617.47
_223
100 1 _aDonell, Simon.
_eauthor.
_4aut
_4http://id.loc.gov/vocabulary/relators/aut
245 1 0 _aTutorials in Patellofemoral Disorders
_h[electronic resource] /
_cby Simon Donell, Iain McNamara.
250 _a1st ed. 2017.
264 1 _aCham :
_bSpringer International Publishing :
_bImprint: Springer,
_c2017.
300 _aIX, 136 p. 53 illus., 2 illus. in color.
_bonline resource.
336 _atext
_btxt
_2rdacontent
337 _acomputer
_bc
_2rdamedia
338 _aonline resource
_bcr
_2rdacarrier
347 _atext file
_bPDF
_2rda
505 0 _a13 year-old boy -- 16 year-old boy -- 15 year-old boy -- 19 year-old man -- 20 year-old woman.-21 year-old man -- 36 year-old woman -- 17 year-old boy -- 22 year-old woman -- 24 year-old man. - 73 year-old woman -- 34 year-old man -- 31 year-old man -- 42 year-old woman -- 74 year-old lady -- 54 year-old man.
520 _aThis book adopts a case-based approach to the management of patellofemoral disorders with the aim of helping orthopaedic surgeons at all levels of experience to decide whether individual patients referred with patellofemoral problems should be treated conservatively or operatively. A series of real-life case stories are used to illustrate every stage of the decision-making process and to explore the reader’s higher-order thinking around patient management. In each case study, the patient’s history, clinical and imaging findings, and management are reported, during the course of which the reader is asked searching questions. The reader is then able to compare his or her responses with those given by the authors, which are provided at the end of each case-specific chapter. This format ensures that knowledge and understanding improve as the reader progresses through the book. Although the cases are addressed primarily from the standpoint of the orthopaedic surgeon, the dominant management strategy is non-operative in many of them. Beyond surgeons, the book will also be of value for musculoskeletal physiotherapists with a particular interest in the knee.
650 0 _aOrthopedics.
650 0 _aPhysiotherapy.
650 0 _aRheumatology.
650 1 4 _aSurgical Orthopedics.
_0http://scigraph.springernature.com/things/product-market-codes/H45027
650 2 4 _aPhysiotherapy.
_0http://scigraph.springernature.com/things/product-market-codes/H78000
650 2 4 _aRheumatology.
_0http://scigraph.springernature.com/things/product-market-codes/H33170
700 1 _aMcNamara, Iain.
_eauthor.
_4aut
_4http://id.loc.gov/vocabulary/relators/aut
710 2 _aSpringerLink (Online service)
773 0 _tSpringer eBooks
776 0 8 _iPrinted edition:
_z9783319473994
776 0 8 _iPrinted edition:
_z9783319474014
856 4 0 _uhttps://doi.org/10.1007/978-3-319-47400-7
912 _aZDB-2-SME
999 _c445551
_d445551
942 _cEB
506 _aAvailable to subscribing member institutions only. Доступно лише організаціям членам підписки.
506 _fOnline access from local network of NaUOA.
506 _fOnline access with authorization at https://link.springer.com/
506 _fОнлайн-доступ з локальної мережі НаУОА.
506 _fОнлайн доступ з авторизацією на https://link.springer.com/